[Event "ICS rated blitz match"]
[Site "204.178.125.65"]
[Date "2000.11.16"]
[Round "?"]
[White "LeTiger"]
[Black "Hossa"]
[Result "1-0"]
[WhiteElo "2850"]
[BlackElo "2527"]
[PlyCount "69"]
[EventDate "2000.??.??"]

1. e4 c5 2. Nc3 Nc6 3. f4 e6 4. Nf3 d5 5. Bb5 Nge7 6. exd5 exd5 7. Qe2 Bg4 8.
O-O Qd6 9. d3 O-O-O 10. Qf2 f6 11. Ba4 Nf5 12. a3 Re8 13. h3 Bxf3 14. Qxf3 d4
15. Ne4 Qd7 16. Bd2 Qf7 17. b4 cxb4 18. axb4 Qe6 19. b5 Nb4 20. Rfb1 Nd5 21. b6
a6 22. g4 Rd8 23. gxf5 Qxf5 24. Bb3 Kb8 25. Ra5 Qg6+ 26. Kf2 Nxb6 27. f5 Qe8
28. Qf4+ Ka7 29. Qc7 Bb4 30. Rxa6+ Kxa6 31. Ra1+ Qa4 32. Bxa4 Ba3 33. Nc5+ Bxc5
34. Bc6+ Ba3 35. Qxb7# {Hossa checkmated} 1-0

[Event "ICS rated bullet match"]
[Site "204.178.125.65"]
[Date "2000.11.16"]
[Round "?"]
[White "Hossa"]
[Black "sombra"]
[Result "1-0"]
[WhiteElo "2553"]
[BlackElo "2262"]
[PlyCount "75"]
[EventDate "2000.??.??"]

1. Nf3 d6 2. d4 Bg4 3. e4 c6 4. Bd3 e6 5. O-O Nf6 6. h3 Be7 7. hxg4 Nxg4 8. Ne1
Nf6 9. e5 Nd5 10. Qg4 g6 11. exd6 Bxd6 12. Bh6 Nd7 13. c4 N5f6 14. Qd1 Qc7 15.
Qf3 O-O-O 16. Bg7 Nh5 17. Bxh8 Rxh8 18. Qxf7 Bh2+ 19. Kh1 Bf4 20. Qxe6 Kb8 21.
Nf3 Rf8 22. Nc3 Rf6 23. Qe8+ Qc8 24. Qe7 Bd6 25. Qxh7 Rf8 26. Qxg6 Rh8 27.
Qxd6+ Ka8 28. Kg1 Nb8 29. Qe5 Qg8 30. g3 Ng7 31. Qe7 Ne6 32. Bf5 Nf4 33. Qg5
Nh3+ 34. Bxh3 Qxc4 35. Bf5 Rg8 36. Qh5 Qd5 37. Nxd5 cxd5 38. Be6 {
sombra resigns} 1-0

[Event "ICS rated blitz match"]
[Site "204.178.125.65"]
[Date "2000.11.16"]
[Round "?"]
[White "Hossa"]
[Black "QueenMaxima"]
[Result "0-1"]
[WhiteElo "2523"]
[BlackElo "2534"]
[PlyCount "64"]
[EventDate "2000.??.??"]

1. e4 e5 2. Ne2 Nf6 3. f4 exf4 4. d3 Nh5 5. Bxf4 Nxf4 6. Nxf4 Qf6 7. Nd5 Qxb2
8. Nbc3 Bb4 9. Rb1 Bxc3+ 10. Kf2 Bd4+ 11. Kf3 Qxa2 12. Nxc7+ Kf8 13. Nxa8 Na6
14. Qc1 d6 15. Be2 Qe6 16. Qg5 f6 17. Qf4 g5 18. Nc7 Nxc7 19. Rb4 gxf4 20. Rxd4
Qe5 21. Rc4 d5 22. Ra4 Bd7 23. Rha1 b5 24. Rxa7 Qd4 25. g4 Qe3+ 26. Kg2 Qxe2+
27. Kh1 Bxg4 28. Ra8+ Kg7 29. Rg8+ Rxg8 30. Rg1 Kf7 31. Rg2 Bf3 32. Kg1 Qxg2# {
Hossa checkmated} 0-1

[Event "ICS Rated blitz match"]
[Site "204.178.125.65"]
[Date "2000.11.16"]
[Round "?"]
[White "ChesterX"]
[Black "Hossa"]
[Result "1-0"]
[WhiteElo "2551"]
[BlackElo "2508"]
[PlyCount "121"]
[EventDate "2000.??.??"]

1. e4 e5 2. Nf3 Nc6 3. Bb5 a6 4. Ba4 Nf6 5. Qe2 d6 6. c3 b5 7. Bc2 Bg4 8. O-O
Be7 9. a4 b4 10. Qc4 Na5 11. Qxb4 c6 12. c4 Nxe4 13. Bxe4 d5 14. Qc3 dxe4 15.
Nxe5 Bf5 16. b4 f6 17. bxa5 fxe5 18. Qxe5 O-O 19. Ba3 Bxa3 20. Rxa3 Rb8 21. Re3
Qd7 22. Nc3 Rbe8 23. Qc5 Bg6 24. Re2 Rf4 25. Rb1 e3 26. fxe3 Bxb1 27. exf4 Rxe2
28. Nxe2 Qxd2 29. Kf2 Bd3 30. Qe3 Qxe3+ 31. Kxe3 Bxc4 32. Nc3 Bf1 33. g3 Kf7
34. Kd4 Ke6 35. Kc5 Kf5 36. Nd1 Ke4 37. Kxc6 Kf3 38. Kc5 h5 39. Kd4 h4 40. gxh4
Kxf4 41. Ne3 Be2 42. Nd5+ Kg4 43. h5 Kh4 44. Kc5 Bd1 45. Nc7 Be2 46. Kb6 Bxh5
47. Kxa6 Bf3 48. Kb6 g5 49. a6 Kg4 50. a7 Kh3 51. Kc5 Kxh2 52. Nd5 g4 53. a8=Q
g3 54. Qh8+ Kg2 55. Nf4+ Kf2 56. Qd4+ Kf1 57. Qe3 Bb7 58. Qxg3 Ba6 59. Kd4 Bb7
60. Ke3 Bc6 61. Qf2# {Hossa checkmated} 1-0

[Event "ICS Rated standard match"]
[Site "204.178.125.65"]
[Date "2000.11.16"]
[Round "?"]
[White "Hossa"]
[Black "BrazilianMaster"]
[Result "1/2-1/2"]
[WhiteElo "2249"]
[BlackElo "2691"]
[PlyCount "122"]
[EventDate "2000.??.??"]

1. d4 Nf6 2. c4 e6 3. Nf3 b6 4. g3 Bb7 5. Nc3 Ne4 6. Bg2 Be7 7. O-O O-O 8. Bf4
d6 9. Qc2 Nxc3 10. bxc3 Nc6 11. e4 Ba6 12. Qe2 Na5 13. Nd2 g5 14. Be3 Nxc4 15.
Nxc4 d5 16. Rfe1 Bxc4 17. Qh5 f5 18. exf5 exf5 19. Qh6 Bf6 20. Bh3 g4 21. Bg2
Qd7 22. h3 Bg7 23. Qh5 gxh3 24. Qxh3 Rf6 25. Bf4 c5 26. Be3 Re8 27. Qh5 Qf7 28.
Qh4 Rfe6 29. Red1 Qg6 30. Bf4 cxd4 31. cxd4 Qg4 32. Qh3 b5 33. Be3 a6 34. a3
R6e7 35. Rd2 Rxe3 36. fxe3 Qg5 37. Rad1 Rxe3 38. Qh4 Qxg3 39. Qxg3 Rxg3 40. Rf2
Rxa3 41. Rxf5 Ra1 42. Rxa1 Bxd4+ 43. Kh1 Bxa1 44. Bxd5+ Bxd5+ 45. Rxd5 Bc3 46.
Rd6 a5 47. Rd5 a4 48. Rxb5 a3 49. Rb8+ Kf7 50. Ra8 a2 51. Rxa2 h5 52. Rc2 Bd4
53. Rd2 Bh8 54. Rf2+ Kg6 55. Rg2+ Kf5 56. Rg3 h4 57. Rf3+ Ke5 58. Rf8 Bg7 59.
Rf7 Bh6 60. Rh7 Bg5 61. Rh5 Kf4 {Game drawn by mutual agreement} 1/2-1/2

[Event "ICS rated blitz match"]
[Site "204.178.125.65"]
[Date "2000.11.16"]
[Round "?"]
[White "Shinya"]
[Black "Hossa"]
[Result "0-1"]
[WhiteElo "2183"]
[BlackElo "2494"]
[PlyCount "62"]
[EventDate "2000.??.??"]

1. e4 c5 2. Nc3 Nc6 3. g3 g6 4. Bg2 Bg7 5. d3 d6 6. f4 Rb8 7. Nf3 Bg4 8. O-O
Bd4+ 9. Kh1 h5 10. Ne2 Bf6 11. c3 h4 12. Kg1 hxg3 13. hxg3 Qb6 14. Nh2 Bh3 15.
Rf2 Bxg2 16. Rxg2 e5 17. c4 exf4 18. gxf4 Bxb2 19. Bxb2 Qxb2 20. Ng4 Rh3 21.
Nf2 Rh4 22. f5 Nge7 23. fxg6 Nxg6 24. Ng3 Nf4 25. Nf5 Nxg2 26. Kxg2 Rf4 27. Qe1
Rxf2+ 28. Qxf2 Qxa1 29. Nxd6+ Kd7 30. Qxc5 Rg8+ 31. Kf2 Qg1+ {Shinya resigns}
0-1

[Event "ICS rated blitz match"]
[Site "204.178.125.65"]
[Date "2000.11.16"]
[Round "?"]
[White "Hossa"]
[Black "PostModernist"]
[Result "0-1"]
[WhiteElo "2495"]
[BlackElo "2652"]
[PlyCount "142"]
[EventDate "2000.??.??"]

1. d4 Nf6 2. c4 e6 3. Nc3 Bb4 4. f3 Nc6 5. e4 e5 6. d5 Nd4 7. a3 Be7 8. Be3 c5
9. Bd3 O-O 10. Nge2 b6 11. O-O d6 12. Ng3 Bb7 13. f4 exf4 14. Bxf4 Nd7 15. Rf2
Rc8 16. b3 a5 17. Bb1 Re8 18. Rf1 Ra8 19. Ra2 Qc7 20. Raf2 Bf6 21. Be3 Rf8 22.
Nh5 Be5 23. Ba2 f6 24. Nf4 Rfe8 25. Qd2 Qd8 26. Nd3 Qe7 27. Nxe5 dxe5 28. Qd1
Nf8 29. Qg4 Ng6 30. Qh5 Rf8 31. Qd1 Rfd8 32. Qc1 Qf7 33. Rd2 Ne7 34. Qe1 Qg6
35. Qh4 Nc8 36. Rdf2 Rb8 37. Rb2 Nd6 38. Bb1 h6 39. Qf2 Bc8 40. Bd3 Bh3 41. Kh1
Bd7 42. b4 Re8 43. Rbb1 Red8 44. Kg1 axb4 45. axb4 Ra8 46. bxc5 bxc5 47. Rb6
Bh3 48. Rb2 Ra3 49. Qe1 Rb3 50. Qc1 Rb4 51. Na2 Ra4 52. Kh1 Bd7 53. Rbf2 Rb8
54. Kg1 Rb3 55. Nc3 Rab4 56. Bd2 Nxc4 57. Kh1 Nd6 58. Qa1 c4 59. Bb1 Rb8 60.
Be3 N4b5 61. Bc5 Nxc3 62. Bxd6 R8b6 63. Bc2 Nxe4 64. Bxe4 Qxe4 65. Qa8+ Kh7 66.
Bc7 R6b5 67. Rd2 Rb1 68. Rdd1 R5b2 69. d6 Qxa8 70. Rg1 Rxd1 71. Rxd1 Qxg2# {
Hossa checkmated} 0-1

[Event "ICS rated blitz match"]
[Site "204.178.125.65"]
[Date "2000.11.16"]
[Round "?"]
[White "PostModernist"]
[Black "Hossa"]
[Result "1-0"]
[WhiteElo "2661"]
[BlackElo "2486"]
[PlyCount "113"]
[EventDate "2000.??.??"]

1. e4 c5 2. c3 d5 3. exd5 Qxd5 4. d4 e6 5. Nf3 Nf6 6. Bd3 cxd4 7. O-O dxc3 8.
Nxc3 Qd8 9. Qc2 Nc6 10. Rd1 Bd7 11. Bg5 h6 12. Bxf6 Qxf6 13. Nb5 Rc8 14. Be4
Nd4 15. Nc7+ Kd8 16. Rxd4 Rxc7 17. Qd2 Bc5 18. Rd3 Kc8 19. Rc1 Rd8 20. b4 Bb6
21. Rd1 g5 22. a4 a6 23. Rd6 Ba7 24. b5 g4 25. bxa6 gxf3 26. Bxb7+ Kb8 27. Bxf3
Kc8 28. Qb4 Rg8 29. Bb7+ Kd8 30. Qd2 Ke7 31. Rxd7+ Rxd7 32. Qxd7+ Kf8 33. Bf3
Qe7 34. Qd8+ Qxd8 35. Rxd8+ Kg7 36. Rd7 Rb8 37. g4 Bc5 38. a7 Bxa7 39. Rxa7 Kg6
40. a5 f5 41. Rb7 Rc8 42. gxf5+ Kxf5 43. a6 e5 44. a7 e4 45. Rf7+ Kg6 46. Rc7
Rxc7 47. Bxe4+ Kg5 48. a8=Q Rc1+ 49. Kg2 Kf6 50. Qd8+ Ke6 51. f4 Rc2+ 52. Bxc2
h5 53. f5+ Kf7 54. Bb3+ Kg7 55. Qg5+ Kh7 56. Qg6+ Kh8 57. Qh6# {
Hossa checkmated} 1-0

[Event "ICS rated bullet match"]
[Site "204.178.125.65"]
[Date "2000.11.16"]
[Round "?"]
[White "Petrovich"]
[Black "Hossa"]
[Result "0-1"]
[WhiteElo "2319"]
[BlackElo "2560"]
[PlyCount "54"]
[EventDate "2000.??.??"]

1. d4 c6 2. c4 d5 3. Nc3 dxc4 4. e3 Be6 5. Nf3 b5 6. Ng5 Bc8 7. a4 e5 8. Nf3
exd4 9. Qxd4 Qxd4 10. Nxd4 b4 11. Ne4 Ba6 12. Nd2 c3 13. Nc4 cxb2 14. Bxb2 Nh6
15. f3 c5 16. Nb5 Bxb5 17. axb5 Nd7 18. b6 a6 19. b7 Ra7 20. Na5 Nf5 21. Be5
Bd6 22. Bxd6 Nxd6 23. Nc6 Rxb7 24. Rxa6 Nc8 25. Ra8 Rc7 26. Na7 Ndb6 27. Bb5+
Kf8 {Petrovich resigns} 0-1

[Event "ICS rated bullet match"]
[Site "204.178.125.65"]
[Date "2000.11.16"]
[Round "?"]
[White "Hossa"]
[Black "Matsanovic"]
[Result "1-0"]
[WhiteElo "2566"]
[BlackElo "1949"]
[PlyCount "71"]
[EventDate "2000.??.??"]

1. e4 c5 2. c3 Nf6 3. e5 Nd5 4. d4 cxd4 5. Qxd4 e6 6. Bc4 Nb6 7. Bb5 Nc6 8.
Bxc6 dxc6 9. Qxd8+ Kxd8 10. Nf3 h6 11. O-O Kc7 12. a4 a5 13. Rd1 Nd7 14. Be3 b6
15. b3 Ba6 16. Ra2 Nc5 17. Rad2 Bc8 18. Rd4 g6 19. Nbd2 Bg7 20. Rf4 Rf8 21. Nc4
Ba6 22. Bxc5 bxc5 23. h3 Bxc4 24. Rxc4 Kb6 25. Re4 Rfd8 26. Nd2 Kc7 27. Kf1 Rd5
28. f4 Rad8 29. Ke2 c4 30. Rxc4 g5 31. b4 axb4 32. cxb4 gxf4 33. b5 c5 34. Rxf4
Bxe5 35. Rxf7+ Kb6 36. Nc4# {Matsanovic checkmated} 1-0

[Event "ICS Rated bullet match"]
[Site "204.178.125.65"]
[Date "2000.11.16"]
[Round "?"]
[White "Hossa"]
[Black "DersuUzala"]
[Result "1-0"]
[WhiteElo "2567"]
[BlackElo "2052"]
[PlyCount "53"]
[EventDate "2000.??.??"]

1. e4 c5 2. c3 Nc6 3. Nf3 d5 4. exd5 Qxd5 5. d3 Bg4 6. Be3 e5 7. Be2 f6 8. h3
Be6 9. O-O Nge7 10. Nbd2 Ng6 11. Ne4 Be7 12. c4 Qd7 13. Nxc5 Bxc5 14. Bxc5 Kf7
15. Nd2 Nf4 16. Ne4 Nd4 17. Nd6+ Kg8 18. Bf3 h5 19. Re1 Kh7 20. Be4+ g6 21.
Bxb7 Raf8 22. Bxd4 exd4 23. c5 Bd5 24. Bxd5 Nxd5 25. Re4 f5 26. Rxd4 Nf4 27.
Rxf4 {DersuUzala resigns} 1-0

[Event "ICS rated bullet match"]
[Site "204.178.125.65"]
[Date "2000.11.16"]
[Round "?"]
[White "RubberSoul"]
[Black "Hossa"]
[Result "0-1"]
[WhiteElo "1909"]
[BlackElo "2569"]
[PlyCount "76"]
[EventDate "2000.??.??"]

1. e4 c5 2. b3 d6 3. c4 Nc6 4. Bd3 Nf6 5. Bc2 Nd4 6. Bb2 Nxc2+ 7. Qxc2 e5 8.
Nf3 Be7 9. O-O Bg4 10. Ne1 Be2 11. Nc3 Bxf1 12. Nf3 Bxg2 13. Kxg2 Qd7 14. Nd5
Nxd5 15. exd5 Qg4+ 16. Kf1 Qxf3 17. Re1 Bh4 18. d3 Bg5 19. Bc1 Bxc1 20. Rxc1
Qh1+ 21. Ke2 Qxh2 22. Rf1 Ke7 23. Qb2 Qg2 24. Qa3 Qg4+ 25. Kd2 Qf4+ 26. Ke2 Kf6
27. Qb2 h5 28. Qc2 Qg4+ 29. Ke1 h4 30. Qd2 h3 31. f3 Qg3+ 32. Kd1 h2 33. Qe1
h1=Q 34. Rxh1 Qxf3+ 35. Kc1 Rxh1 36. Qxh1 Qxh1+ 37. Kc2 Rh8 38. Kc3 Qc1# {
RubberSoul checkmated} 0-1

[Event "ICS rated bullet match"]
[Site "204.178.125.65"]
[Date "2000.11.16"]
[Round "?"]
[White "Hossa"]
[Black "explosiv-gent"]
[Result "1-0"]
[WhiteElo "2572"]
[BlackElo "2064"]
[PlyCount "43"]
[EventDate "2000.??.??"]

1. e4 e6 2. d4 d5 3. e5 c5 4. c3 Nc6 5. Nf3 Nge7 6. Bd3 Qb6 7. dxc5 Qxc5 8. b4
Qb6 9. b5 Na5 10. O-O Bd7 11. Na3 Rc8 12. Be3 Qd8 13. Bd2 Ng6 14. Nc2 Nc4 15.
Bg5 Be7 16. Bxe7 Qxe7 17. Bxg6 hxg6 18. a4 O-O 19. Qd4 a6 20. bxa6 bxa6 21. Qg4
Rfe8 22. Ra2 {explosiv-gent resigns} 1-0

[Event "ICS rated bullet match"]
[Site "204.178.125.65"]
[Date "2000.11.16"]
[Round "?"]
[White "explosiv-gent"]
[Black "Hossa"]
[Result "0-1"]
[WhiteElo "2062"]
[BlackElo "2574"]
[PlyCount "28"]
[EventDate "2000.??.??"]

1. e4 e6 2. Nf3 d5 3. Nc3 dxe4 4. Ne5 Qd4 5. f4 Bc5 6. Qe2 Nf6 7. Nb5 Qd8 8. d3
c6 9. Nc3 exd3 10. Qxd3 O-O 11. Be2 Qxd3 12. Bxd3 Nd5 13. Bd2 f6 14. Nf3 Nb4 {
explosiv-gent resigns} 0-1

[Event "ICS rated blitz match"]
[Site "204.178.125.65"]
[Date "2000.11.16"]
[Round "?"]
[White "Hossa"]
[Black "Jerry"]
[Result "1-0"]
[WhiteElo "2477"]
[BlackElo "2244"]
[PlyCount "63"]
[EventDate "2000.??.??"]

1. e4 c5 2. c3 Nf6 3. e5 Nd5 4. d4 cxd4 5. Qxd4 e6 6. Bc4 Nc6 7. Qe4 f5 8. Qe2
Nb6 9. Bd3 d6 10. exd6 Bxd6 11. Bxf5 O-O 12. Bxe6+ Bxe6 13. Qxe6+ Kh8 14. Ne2
Re8 15. Qf7 Ne5 16. Qf5 Qh4 17. Bg5 Qh5 18. h4 h6 19. Rh3 Nec4 20. g4 Re5 21.
Qf3 Qe8 22. b3 Na3 23. Nxa3 Bxa3 24. Bf4 Re4 25. Rd1 Qe6 26. Be3 Re8 27. g5 Nd5
28. gxh6 gxh6 29. Rxd5 Qxd5 30. Qf6+ Kh7 31. Qxh6+ Kg8 32. Rg3+ {Jerry resigns}
1-0

[Event "ICS rated bullet match"]
[Site "204.178.125.65"]
[Date "2000.11.16"]
[Round "?"]
[White "Hossa"]
[Black "CamelotChess"]
[Result "1-0"]
[WhiteElo "2576"]
[BlackElo "2036"]
[PlyCount "27"]
[EventDate "2000.??.??"]

1. e4 c5 2. Nc3 Nc6 3. f4 d6 4. Nf3 g6 5. Bb5 Bg7 6. d4 cxd4 7. Nxd4 Bd7 8. Be3
Nf6 9. O-O O-O 10. Qd3 Ne8 11. f5 Nc7 12. Nxc6 bxc6 13. Ba4 Na6 14. Qxa6 {
CamelotChess resigns} 1-0

[Event "ICS rated blitz match"]
[Site "204.178.125.65"]
[Date "2000.11.17"]
[Round "?"]
[White "Hossa"]
[Black "Nothing"]
[Result "1-0"]
[WhiteElo "2484"]
[BlackElo "2039"]
[PlyCount "85"]
[EventDate "2000.??.??"]

1. e4 c5 2. d4 cxd4 3. c3 dxc3 4. Bc4 Nc6 5. Nxc3 e6 6. Nf3 Qc7 7. O-O Nf6 8.
Bg5 Ng4 9. Nb5 Qb8 10. Rc1 a6 11. Nbd4 Nxd4 12. Qxd4 f6 13. Bh4 Ne5 14. Nxe5
Qxe5 15. Qxe5 fxe5 16. Rfd1 Be7 17. Bxe7 Kxe7 18. Bb3 b6 19. Rc7 Rb8 20. f3 Rb7
21. Rdxd7+ Bxd7 22. Rxb7 a5 23. Ba4 Rd8 24. Kf2 Kd6 25. Bxd7 Rxd7 26. Rxb6+ Kc5
27. Rxe6 Rd2+ 28. Kg3 Rxb2 29. Rxe5+ Kb4 30. Re7 Rxa2 31. Rxg7 Rc2 32. Rxh7 a4
33. Rb7+ Kc3 34. Rc7+ Kb2 35. Rxc2+ Kxc2 36. e5 a3 37. e6 a2 38. e7 a1=Q 39.
e8=Q Qg7+ 40. Kf2 Qc7 41. g3 Kd3 42. Qe3+ Kc2 43. Qd4 {Nothing resigns} 1-0

[Event "ICS rated blitz match"]
[Site "204.178.125.65"]
[Date "2000.11.17"]
[Round "?"]
[White "PostModernist"]
[Black "Hossa"]
[Result "1-0"]
[WhiteElo "2661"]
[BlackElo "2486"]
[PlyCount "87"]
[EventDate "2000.??.??"]

1. d4 c6 2. Nf3 d5 3. c4 dxc4 4. e3 b5 5. a4 e6 6. b3 cxb3 7. axb5 Qd5 8. Bd2
b2 9. Ra5 c5 10. Qc2 Bb7 11. Qxb2 cxd4 12. b6 Bc5 13. bxa7 Rxa7 14. Rxa7 Bxa7
15. Nxd4 Nf6 16. Nb5 Bb6 17. Bb4 Qd7 18. Nd6+ Kd8 19. Ba3 Kc7 20. Nc4 Ba7 21.
Qe5+ Kd8 22. Qa5+ Qc7 23. Qxa7 Nc6 24. Qa4 Ne4 25. Qd1+ Qd7 26. Bd3 Nf6 27. Nd6
Na7 28. Qb3 Bxg2 29. Qb8+ Nc8 30. Ba6 Nd5 31. Nb7+ Ke8 32. Bb5 Ndb6 33. Bxd7+
Kxd7 34. Rg1 Bd5 35. Rxg7 e5 36. Nc5+ Kd8 37. Qxe5 h6 38. Qf6+ Ke8 39. Nc3 Nd7
40. Nxd7 Bb3 41. Nb8 Be6 42. Nb5 Nd6 43. Nc7+ Kf8 44. Bxd6# {Hossa checkmated}
1-0

[Event "ICS rated bullet match"]
[Site "204.178.125.65"]
[Date "2000.11.17"]
[Round "?"]
[White "Hossa"]
[Black "thutters"]
[Result "1-0"]
[WhiteElo "2577"]
[BlackElo "2063"]
[PlyCount "39"]
[EventDate "2000.??.??"]

1. d4 g6 2. e4 Bg7 3. Nf3 d6 4. Bd3 Nf6 5. O-O O-O 6. Na3 Bg4 7. h3 Bxf3 8.
Qxf3 c6 9. Bd2 Nbd7 10. c3 e5 11. Rfe1 Qe7 12. Bg5 h6 13. Bh4 b5 14. Nc2 a6 15.
Nb4 Rfc8 16. d5 c5 17. Nc6 Qf8 18. c4 b4 19. Bc2 Nh7 20. Be7 {thutters resigns}
1-0

[Event "ICS rated blitz match"]
[Site "204.178.125.65"]
[Date "2000.11.17"]
[Round "?"]
[White "sekere"]
[Black "Hossa"]
[Result "0-1"]
[WhiteElo "2219"]
[BlackElo "2477"]
[PlyCount "59"]
[EventDate "2000.??.??"]

1. e4 c5 2. Nf3 e6 3. d4 cxd4 4. Nxd4 a6 5. Nc3 b5 6. g3 Bb7 7. Bg2 b4 8. Na4
Nf6 9. f3 d5 10. e5 Nfd7 11. f4 Nc6 12. Be3 Nxd4 13. Bxd4 Bc6 14. c3 Qa5 15. b3
Bxa4 16. bxa4 bxc3 17. O-O Bc5 18. Rc1 Rc8 19. Kh1 Bxd4 20. Qxd4 Qc5 21. Qd3
Qc4 22. Qc2 O-O 23. f5 Nxe5 24. f6 gxf6 25. Rxf6 Qd3 26. Qf2 Ng4 27. Qf4 Nxf6
28. Qxf6 Qd2 29. Rf1 c2 30. h4 {sekere resigns} 0-1

[Event "ICS rated blitz match"]
[Site "204.178.125.65"]
[Date "2000.11.17"]
[Round "?"]
[White "Hossa"]
[Black "bescientific"]
[Result "1-0"]
[WhiteElo "2483"]
[BlackElo "2128"]
[PlyCount "71"]
[EventDate "2000.??.??"]

1. d4 Nf6 2. Nf3 g6 3. Bg5 Bg7 4. Nbd2 d5 5. e3 O-O 6. Bd3 c5 7. dxc5 Nbd7 8.
b4 e5 9. e4 dxe4 10. Bxe4 a5 11. c6 bxc6 12. Bxc6 Rb8 13. b5 Bb7 14. c4 Bxc6
15. bxc6 Nc5 16. O-O Qc7 17. Nb3 Nce4 18. Be3 Rfd8 19. Qe1 Qxc6 20. Nxe5 Qc7
21. Qxa5 Qxa5 22. Nxa5 Rbc8 23. f3 Nd6 24. Rad1 Nf5 25. Rxd8+ Rxd8 26. Nac6 Re8
27. Bc5 Ra8 28. g4 Nh4 29. Ne7+ Kf8 30. N7xg6+ Ke8 31. Nxh4 Rxa2 32. Nf5 Bf8
33. Bxf8 Kxf8 34. Rb1 Ra8 35. Rb7 Nxg4 36. Nxg4 {bescientific resigns} 1-0

[Event "ICS rated blitz match"]
[Site "204.178.125.65"]
[Date "2000.11.17"]
[Round "?"]
[White "GSG"]
[Black "Hossa"]
[Result "0-1"]
[WhiteElo "2130"]
[BlackElo "2487"]
[PlyCount "66"]
[EventDate "2000.??.??"]

1. d4 Nf6 2. a4 e6 3. Bd2 c5 4. Nf3 cxd4 5. Nxd4 Ne4 6. e3 Nxd2 7. Qxd2 Be7 8.
Bd3 O-O 9. O-O d5 10. f4 Nc6 11. c3 Bd7 12. Kh1 Qc7 13. Qf2 e5 14. fxe5 Nxe5
15. Bf5 Bxf5 16. Nxf5 Bc5 17. Nd2 Ng4 18. Qf4 Qxf4 19. Rxf4 Nxe3 20. Nf3 Rfe8
21. Nxe3 Bxe3 22. Rf5 Rad8 23. Rd1 d4 24. cxd4 Bxd4 25. g3 Bf6 26. Rxd8 Rxd8
27. Rb5 Rd7 28. b4 Bc3 29. Ne5 Rd1+ 30. Kg2 a6 31. Rxb7 Bxe5 32. Ra7 Bd6 33. b5
axb5 {GSG resigns} 0-1

[Event "ICS rated bullet match"]
[Site "204.178.125.65"]
[Date "2000.11.17"]
[Round "?"]
[White "explosiv-gent"]
[Black "Hossa"]
[Result "0-1"]
[WhiteElo "1923"]
[BlackElo "2579"]
[PlyCount "50"]
[EventDate "2000.??.??"]

1. e4 c5 2. Nf3 e6 3. Nc3 Nc6 4. d4 cxd4 5. Nxd4 Qc7 6. Be3 d6 7. f4 Nf6 8. Bb5
Be7 9. O-O O-O 10. Bxc6 bxc6 11. Nf3 Ba6 12. e5 dxe5 13. fxe5 Rfd8 14. Qe1 Ng4
15. Bg5 Bxg5 16. Nxg5 Bxf1 17. Qxf1 Qb6+ 18. Kh1 Nf2+ 19. Kg1 Ne4+ 20. Kh1 Nxg5
21. h4 Qxb2 22. Ne2 Ne4 23. Re1 Qxa2 24. Qf4 Qxc2 25. Qg4 Nf2+ {
explosiv-gent resigns} 0-1

[Event "ICS rated blitz match"]
[Site "204.178.125.65"]
[Date "2000.11.17"]
[Round "?"]
[White "Hossa"]
[Black "the-idiot"]
[Result "1-0"]
[WhiteElo "2491"]
[BlackElo "2058"]
[PlyCount "83"]
[EventDate "2000.??.??"]

1. d4 c5 2. e4 cxd4 3. c3 dxc3 4. Nxc3 Nc6 5. Nf3 e6 6. Bc4 a6 7. O-O d6 8. Bf4
b5 9. Bd3 Ra7 10. Be3 Rd7 11. Rc1 Bb7 12. a4 b4 13. Ne2 Be7 14. Bd2 Nf6 15.
Bxa6 Bxa6 16. Rxc6 Bxe2 17. Qxe2 O-O 18. Bxb4 Qa8 19. Rc4 Rc8 20. Rxc8+ Qxc8
21. Ra1 h6 22. e5 dxe5 23. Bxe7 Rxe7 24. Nxe5 Nd5 25. Rd1 Ra7 26. b3 Qb7 27.
Qc2 g6 28. Nxg6 fxg6 29. Qxg6+ Qg7 30. Qxe6+ Qf7 31. Qxd5 Qxd5 32. Rxd5 Rb7 33.
Rb5 Rc7 34. g3 Rc1+ 35. Kg2 Rb1 36. Rb7 Kf8 37. h3 Ke8 38. Rh7 Kd8 39. Rxh6
Rxb3 40. a5 Ra3 41. a6 Ke7 42. a7 {the-idiot resigns} 1-0

[Event "ICS rated blitz match"]
[Site "204.178.125.65"]
[Date "2000.11.17"]
[Round "?"]
[White "zeroeffect"]
[Black "Hossa"]
[Result "0-1"]
[WhiteElo "1978"]
[BlackElo "2493"]
[PlyCount "48"]
[EventDate "2000.??.??"]

1. d4 Nf6 2. c4 g6 3. Nc3 Bg7 4. e4 d6 5. Nf3 O-O 6. Be2 e5 7. Bg5 h6 8. Bxf6
Qxf6 9. Nd5 Qd8 10. dxe5 dxe5 11. Nc3 Na6 12. O-O c6 13. a3 Qe7 14. b4 Be6 15.
Qc2 f5 16. Rfe1 Qf7 17. c5 Nc7 18. Bd3 Rad8 19. exf5 Bxf5 20. Bxf5 Qxf5 21.
Qxf5 Rxf5 22. Ne4 Rf4 23. Nd6 e4 24. Nxb7 Rb8 {zeroeffect resigns} 0-1

[Event "ICS rated bullet match"]
[Site "204.178.125.65"]
[Date "2000.11.17"]
[Round "?"]
[White "ChesterX"]
[Black "Hossa"]
[Result "1/2-1/2"]
[WhiteElo "2413"]
[BlackElo "2580"]
[PlyCount "75"]
[EventDate "2000.??.??"]

1. d4 Nf6 2. c4 e6 3. Nc3 Bb4 4. Qc2 O-O 5. a3 Bxc3+ 6. Qxc3 b6 7. Nf3 Bb7 8.
g3 c5 9. Bg5 h6 10. Bf4 d6 11. Rd1 g5 12. dxc5 Ne4 13. Qd3 gxf4 14. cxd6 Qf6
15. gxf4 Kh8 16. b4 Rd8 17. c5 bxc5 18. bxc5 Nxc5 19. Qe3 Ne4 20. Rg1 Rxd6 21.
Rxd6 Nxd6 22. Ne5 Qf5 23. Qc1 Na6 24. Qb2 f6 25. Bh3 Qxh3 26. Nf7+ Kh7 27. Nxd6
Bg2 28. Qxf6 Rf8 29. Qxf8 Qc3+ 30. Kd1 Qb3+ 31. Ke1 Qb1+ 32. Kd2 Qb2+ 33. Kd1
Qb1+ 34. Kd2 Qb2+ 35. Kd1 Qb1+ 36. Kd2 Qb2+ 37. Kd1 Qb1+ 38. Kd2 {
Game drawn by repetition} 1/2-1/2

[Event "ICS rated bullet match"]
[Site "204.178.125.65"]
[Date "2000.11.17"]
[Round "?"]
[White "Hossa"]
[Black "ChesterX"]
[Result "1/2-1/2"]
[WhiteElo "2573"]
[BlackElo "2420"]
[PlyCount "77"]
[EventDate "2000.??.??"]

1. d4 Nf6 2. c4 e6 3. Nf3 d5 4. Nc3 c6 5. Bg5 Nbd7 6. cxd5 exd5 7. e3 Be7 8.
Bd3 O-O 9. Qc2 Re8 10. O-O h6 11. Bh4 Ne4 12. Bxe4 Bxh4 13. Bh7+ Kh8 14. Nxh4
Qxh4 15. Bd3 Qe7 16. Rfe1 Nf6 17. f3 Qd6 18. a3 Be6 19. Ne2 Rad8 20. b3 h5 21.
Nf4 Bd7 22. Qf2 g5 23. Ne2 h4 24. e4 dxe4 25. Bxe4 Nxe4 26. fxe4 Rxe4 27. Qf3
Qe7 28. h3 Re3 29. Qf2 Re8 30. Kf1 Rxb3 31. Nc3 Rxa3 32. Rxa3 Qxa3 33. Qf6+ Kh7
34. Qxf7+ Kh6 35. Qf6+ Kh7 36. Qf7+ Kh6 37. Qf6+ Kh7 38. Qf7+ Kh6 39. Qf6+ {
Game drawn by repetition} 1/2-1/2

[Event "ICS rated blitz match"]
[Site "204.178.125.65"]
[Date "2000.11.17"]
[Round "?"]
[White "Hossa"]
[Black "niazy"]
[Result "1-0"]
[WhiteElo "2495"]
[BlackElo "1946"]
[PlyCount "67"]
[EventDate "2000.??.??"]

1. d4 Nf6 2. Nf3 g6 3. Bg5 Ne4 4. Bf4 c5 5. Nbd2 d5 6. e3 Qb6 7. Nxe4 dxe4 8.
dxc5 Qxc5 9. Nd2 Bg7 10. c3 O-O 11. Nxe4 Qb6 12. Qc2 Bf5 13. Bd3 Nc6 14. O-O
Rac8 15. a3 Rfd8 16. Rab1 Na5 17. Rfd1 Nc4 18. Bxc4 Rxc4 19. Rxd8+ Qxd8 20. Rd1
Qc8 21. f3 h6 22. Qd3 Kh7 23. Qd5 e6 24. Qd3 e5 25. Bg3 Qc6 26. b3 Rc5 27. Be1
Bxe4 28. fxe4 Bf8 29. c4 Ra5 30. Bxa5 Qa6 31. Qd5 b6 32. Qxf7+ Bg7 33. Rd7 Qxa5
34. Qxg7# {niazy checkmated} 1-0

[Event "ICS rated blitz match"]
[Site "204.178.125.65"]
[Date "2000.11.17"]
[Round "?"]
[White "rmdg567"]
[Black "Hossa"]
[Result "0-1"]
[WhiteElo "1933"]
[BlackElo "2496"]
[PlyCount "88"]
[EventDate "2000.??.??"]

1. e4 e6 2. d4 d5 3. Nc3 Bb4 4. a3 Bxc3+ 5. bxc3 dxe4 6. Qg4 Nf6 7. Qxg7 Rg8 8.
Qh6 Nbd7 9. Ne2 Rg6 10. Qe3 Nb6 11. Nf4 Nbd5 12. Qd2 Rg7 13. c4 Nxf4 14. Qxf4
Qxd4 15. Rb1 Nh5 16. Qxc7 f5 17. Qa5 b6 18. Qb4 Nf6 19. Be3 Qd7 20. Rd1 Qc7 21.
g3 Rd7 22. Rxd7 Bxd7 23. Be2 e5 24. c5 Rc8 25. cxb6 axb6 26. O-O f4 27. Bxb6
Qxc2 28. Bb5 Bxb5 29. Qxb5+ Nd7 30. a4 Qd3 31. Qb4 Rc6 32. a5 Qf3 33. Qa4 Rg6
34. Qa2 h5 35. Qc2 Rd6 36. Qc8+ Kf7 37. Qh8 Nf6 38. Bc7 Re6 39. a6 Re8 40. Qh6
e3 41. fxe3 Qxe3+ 42. Rf2 Qc1+ 43. Kg2 f3+ 44. Rxf3 Qxh6 {rmdg567 resigns} 0-1